Una giornata particolare /

সংরক্ষণ করুন:
গ্রন্থ-পঞ্জীর বিবরন
প্রধান লেখক: Maccari, Ruggero (লেখক), Scola, Ettore (লেখক)
অন্যান্য লেখক: Costanzo, Maurizio, Macciocchi, Maria Antonietta
বিন্যাস: গ্রন্থ
ভাষা:ইতালিয়
প্রকাশিত: Milano : Longanesi, [1977]
মালা:La ginestra ; 161
বিষয়গুলি:
ট্যাগগুলো: ট্যাগ যুক্ত করুন
কোনো ট্যাগ নেই, প্রথমজন হিসাবে ট্যাগ করুন!

MARC

LEADER 00000nam a22000007i 4500
001 IT\ICCU\RAV\0131538
003 ItRI
005 20260115232345.0
008 910227s1977 it |||||| ||||| |||||c
015 |2 IT  |a 779959 
040 |b ita  |c importazione bologna sebina 
041 7 |a ita  |2 ISO-639-2 
082 |a 791.43  |9 CINEMATOGRAFO  |2 18 
100 1 |a Maccari, Ruggero  |0 IT\ICCU\RAVV\054156  |4 aut 
245 1 4 |a Una giornata particolare /  |c soggetto e sceneggiatura di Ruggero Maccari e Ettore Scola ; con la collaborazione di Maurizio Costanzo ; con una nota di Maria Antonietta Macciocchi. 
260 |a Milano :  |b Longanesi,  |c [1977] 
300 |a 143 p., [15] c. di tav. :  |b ill. ;  |c 22 cm 
500 |a 28 fotografie dal film. 
650 7 |a Una *giornata particolare <film>  |2 scbi 
700 1 |a Scola, Ettore  |0 IT\ICCU\CFIV\059523  |4 aut 
700 1 |a Costanzo, Maurizio  |0 IT\ICCU\CFIV\010087 
700 1 |a Macciocchi, Maria Antonietta  |0 IT\ICCU\CFIV\065559 
830 3 |a La ginestra ;  |v 161  |0 IT\ICCU\RAV\0048237 
942 |2 ddc  |c BK  |n 0 
952 |0 0  |1 0  |4 0  |6 DOC_791_437000000000000_SCO  |7 0  |9 24728  |a BO  |b BO  |d 2026-01-15  |i 255  |l 0  |o DOC 791.437 SCO  |p BO255  |r 2026-01-15 23:23:45  |w 2026-01-15  |x [Sebina 5] [1 v.]  |y BK  |z 1 v. 
999 |c 21019  |d 21019